000
00303 a2200157 4500
001
62070
020
_a
040
_c
Anchieta - Pituba
100
_a
Quaglino, Maria ana
240
1
0
_a
PetrobrĂ¡s
_l
por
245
1
0
_a
PetrobrĂ¡s
300
_a
120
362
0
_a
2003
650
4
_a
Brasil
942
_c
BK
999
_c
62070
_d
62070